zpět

Detail výsledku týmu

Club Drak, Klášterec nad Ohří

Datum a čas kvízu

25.5 Celkem bodů Celkový počet nahraných bodů na tomto kvízu bez doplňovacích otázek.
3. Pořadí na kvízu Konečné umístění týmu na tomto kvízu.

Zaznamenané odpovědi

# Otázka Odpověď Body Výsledky
1. Nejsledovanějším, nejprestižně... Jedlovou 0
2. Již poněkolikáté vyhrál volby... po Adolfu Hitlerovi 1
3. Streamovací platforma Netflix... Stranger Things 1
4. Minulý týden jsme se dozvěděli... Five Guys 1
5. V pondělní dohrávce 12. kola P... inzultoval spoluhráče (udeřil jej/vlepil mu facku) 0
6. Seřaďte tyto ostrovy dle rozlo... 1C 2A 3D 4B 1
7. Nyní přiřaďte ostrovy ke států... 1B 2A 3C 4D 0
8. Kterému ostrovnímu středomořsk... Malta 0
9. Nyní si odskočíme ke kinematog... Řek Zorba, Anthony Quinn 0
10. Ke kterému středomořskému ostr... Elba 1